000 00702 a2200217 4500
003 UA-OsUOA
005 20220217124606.0
008 220217b un ||||| |||| 00| 0 ukr d
040 _aUA-OsUOA
_bpol
_cUA-OsUOA
_dUA-OsUOA
041 _apol
080 _a82-94
090 _a82-94
_bН72
100 _aNowacka A.
245 _aSmak Akacii
_cAleksandra Nowaska
_bobrazki z kazachst anu
260 _aRowne
_bОвід
_c2021
300 _a192 s.
650 _2UDC
_a82 Література. Літературознавство
942 _cBK
_2udc
955 _a2
999 _c572246
_d572246